• 首页
  • 本馆介绍
  • 公告通知
  • 最新文献
  • 馆藏检索
  • 电子资源
  • 读者导购
  • 参考咨询
  • 我的图书馆
  • 登录
  • 详细信息显示
  • 放入我的书架
  • 预约/预借图书
  • 作者相关作品
  • 分类相关作品
  • 丛书相关作品
  • 出版社相关作品

书目信息

  • 表格格式
  • 工作单格式
  • 卡片格式
题名:
自动线安装与调试
    
 
作者: 盛靖琪 , 陈永平 主编
分册:  
出版信息: 北京   机械工业出版社  2012
页数: 227页
开本: 26cm
丛书名:
单 册:
中图分类: TP278
科图分类:
主题词: 自动生产线--安装--高等职业教育--教材 , 自动生产线--示踪程序--高等职业教育--教材
电子资源:
ISBN: 978-7-111-34844-3
000 01064nam0 2200265 450
001 0102304712
005 20120523135645.0
010    @a978-7-111-34844-3@dCNY37.00
100    @a20120307d2012 em y0chiy0120 ea
101 0  @achi
102    @aCN@b110000
105    @aa z 000yy
106    @ar
200 1  @a自动线安装与调试@9Zi Dong Xian An Zhuang Yu Diao;Tiao Shi @f盛靖琪,陈永平主编@b专著
210    @a北京@c机械工业出版社@d2012
215    @a227页@c图@d26cm
300    @a全国机械行业高等职业教育“十二五”规划教材 高等职业教育教学改革精品教材
330    @a本书由8个工作项目组成,包括自动线的认识、供料单元的安装与调试、加工单元的安装与调试、装配单元的安装与调试、分拣单元的安装与调试、搬运单元的安装与调试、人机界面的应用以及自动线安装与调试的综合应用。
606 0  @a自动生产线@x安装@x高等职业教育@j教材
606 0  @a自动生产线@x示踪程序@x高等职业教育@j教材
690    @aTP278@v5
701  0 @a盛靖琪@4主编@9sheng jing qi
701  0 @a陈永平@c(机电工程)@4主编@9chen yong ping
801  0 @aCN@bAZmarc@c20230903
905    @aBZT@dTP278@e6@f13@sTP278/6
    
    自动线安装与调试/盛靖琪,陈永平主编.-北京:机械工业出版社,2012
    227页:图;26cm
    全国机械行业高等职业教育“十二五”规划教材 高等职业教育教学改革精品教材
    
    ISBN 978-7-111-34844-3:CNY37.00
    本书由8个工作项目组成,包括自动线的认识、供料单元的安装与调试、加工单元的安装与调试、装配单元的安装与调试、分拣单元的安装与调试、搬运单元的安装与调试、人机界面的应用以及自动线安装与调试的综合应用。
●
相关链接 在五车中查询图书 在当当中查询图书 在豆瓣中查询图书


正题名:自动线安装与调试     索取号:TP278/6         预约/预借

序号 登录号 条形码 馆藏地/架位号 状态 备注
1 2000031470   2000031470   旧书回溯/ [索取号:TP278/6] 在馆    
2 2000031471   2000031471   旧书回溯/ [索取号:TP278/6] 在馆    
3 2000031472   2000031472   旧书回溯/ [索取号:TP278/6] 在馆    
4 2000031473   2000031473   旧书回溯/ [索取号:TP278/6] 在馆    
5 2000031474   2000031474   旧书回溯/ [索取号:TP278/6] 在馆    
6 2000031475   2000031475   旧书回溯/ [索取号:TP278/6] 在馆    
7 2000031476   2000031476   旧书回溯/ [索取号:TP278/6] 在馆    
8 2000031477   2000031477   旧书回溯/ [索取号:TP278/6] 在馆    
9 2000031478   2000031478   旧书回溯/ [索取号:TP278/6] 在馆    
10 2000031479   2000031479   旧书回溯/ [索取号:TP278/6] 在馆    
11 2000031480   2000031480   旧书回溯/ [索取号:TP278/6] 在馆    
12 2000031481   2000031481   旧书回溯/ [索取号:TP278/6] 在馆    
13 2000031482   2000031482   旧书回溯/ [索取号:TP278/6] 在馆    
山东省滨州职业学院图书馆 欢迎您!
大连网信软件有限公司© 版权所有